Ciberestrategia (Registro nro. 631)

Detalles MARC
000 -LEADER
fixed length control field 01049 a2200241 4500
001 - CONTROL NUMBER
control field 15183
005 - DATE AND TIME OF LATEST TRANSACTION
control field 20260407155449.0
008 - FIXED-LENGTH DATA ELEMENTS--GENERAL INFORMATION
fixed length control field 260407a2000 arg spa d
003 - CONTROL NUMBER IDENTIFIER
control field AR-UNSa-BCEJYS
040 ## - CATALOGING SOURCE
Original cataloging agency AR-UNSa-BCEJYS
Language of cataloging spa
Transcribing agency AR-UNSa-BCEJYS
080 ## - UNIVERSAL DECIMAL CLASSIFICATION NUMBER
Universal Decimal Classification number 339.16:004
Common auxiliary subdivision Tipos de comercio según determinados criterios (comercio electrónico)
020 ## - INTERNATIONAL STANDARD BOOK NUMBER
International Standard Book Number 970-17-0396-0
100 1# - MAIN ENTRY--PERSONAL NAME
Personal name Bickerton, Pauline
245 10 - TITLE STATEMENT
Title Ciberestrategia
Name of part/section of a work seleccione su estrategia de negocios para internet, intranets y extranets
264 #1 - PRODUCTION, PUBLICATION, DISTRIBUTION, MANUFACTURE, AND COPYRIGHT NOTICE
Place of production, publication, distribution, manufacture México :
Name of producer, publisher, distributor, manufacturer Pearson Educación
Date of production, publication, distribution, manufacture, or copyright notice 2000
300 ## - PHYSICAL DESCRIPTION
Extent vii, 182 p.
Dimensions 23 cm.
505 ## - FORMATTED CONTENTS NOTE
Formatted contents note 1. Introducción - 2. El modelo de Ciberestrategia - 3. Su estrategia de internet - 4. Su estrategia de extranet - 5. Su estrategia de intranet - 6. Conclusiones
590 ## - LOCAL NOTE (RLIN)
Local note niveau_biblio:m niveau_hierar:0
700 1# - ADDED ENTRY--PERSONAL NAME
Personal name Bickerton, Matthew
700 1# - ADDED ENTRY--PERSONAL NAME
Personal name Simpson-Holley, Kate
856 41 - ELECTRONIC LOCATION AND ACCESS
Uniform Resource Identifier <a href="https://biblioeco.unsa.edu.ar/pmb/images/libros/Ciberestrategia Bickerton, Pauline (2000).jpg">https://biblioeco.unsa.edu.ar/pmb/images/libros/Ciberestrategia Bickerton, Pauline (2000).jpg</a>
Link text Imagen de portada
Electronic format type image/jpeg
942 ## - ADDED ENTRY ELEMENTS (KOHA)
Koha item type
Existencias
Withdrawn status Lost status Damaged status Not for loan Home library Current library Shelving location Date acquired Total checkouts Full call number Barcode Date last seen Price effective from Koha item type
        Biblioteca Prof. Eusebio Cleto del Rey Biblioteca Prof. Eusebio Cleto del Rey   07/04/2026   339.16:004 B583 L118992 07/04/2026 07/04/2026 Libro